TKKT kho lưu trữ chuyên dụng UBND tỉnh Bến Tre Đồ án tốt nghiệp. Chuyên ngành: Xây dựng

محفوظ في:
التفاصيل البيبلوغرافية
المؤلف الرئيسي: Lữ, Văn Lương
مؤلفون آخرون: Lữ Văn Lương; Từ Hồng Nhung
اللغة:Undetermined
Vietnamese
منشور في: Trà Vinh Đại học Trà Vinh 2017
الوسوم: إضافة وسم
لا توجد وسوم, كن أول من يضع وسما على هذه التسجيلة!
Thư viện lưu trữ: Trung tâm Học liệu Trường Đại học Trà Vinh
LEADER 00804nam a2200253Ia 4500
001 TVU_28443
008 210423s9999 xx 000 0 und d
041 |a vie 
082 |a 624 
082 |b L561 
100 |a Lữ, Văn Lương 
245 0 |a TKKT kho lưu trữ chuyên dụng UBND tỉnh Bến Tre 
245 0 |b Đồ án tốt nghiệp. Chuyên ngành: Xây dựng 
245 0 |c Lữ Văn Lương ; Từ Hồng Nhung (giáo viên hướng dẫn) 
260 |a Trà Vinh 
260 |b Đại học Trà Vinh 
260 |c 2017 
300 |a 349 tr. 
300 |b minh họa 
300 |c 27 cm 
504 |a Thư mục trang cuối chính văn 
700 |a Lữ Văn Lương; Từ Hồng Nhung  
700 |e giáo viên hướng dẫn 
980 |a Trung tâm Học liệu Trường Đại học Trà Vinh